| 000 | 00690 a2200193 4500 | ||
|---|---|---|---|
| 010 | _aENG-85398 | ||
| 020 |
_c250.00 _a8176580279 |
||
| 035 | _aEN-68931 | ||
| 037 | _bD.B.Act / Pub | ||
| 082 | 1 | 4 | _a152.4954 |
| 090 |
_c2212 _d2212 |
||
| 100 | _aManral, Harsh Vardhan Singh | ||
| 245 | 1 |
_aThe rustic humour of India _cHarsh Vardhan Singh Manral |
|
| 260 |
_aNew Delhi _bUppal Publishing House _c2005 |
||
| 270 |
_a3, Ansari Road, Darya Ganj, _bNew Delhi _cDelhi _e110002 _k23273756, 23286571 _l23286571 _muppalbooks@vsnl.net |
||
| 300 |
_a125 p _c21 cm (Pbk) |
||
| 942 |
_adpl _cEN _k152.4954 / MAN |
||
| 999 |
_c2172 _d2172 |
||